| 000 -LEADER |
| fixed length control field |
01285 a2200205 4500 |
| 003 - CONTROL NUMBER IDENTIFIER |
| control field |
Nust |
| 005 - DATE AND TIME OF LATEST TRANSACTION |
| control field |
20221206105744.0 |
| 010 ## - LIBRARY OF CONGRESS CONTROL NUMBER |
| LC control number |
91011690 |
| 020 ## - INTERNATIONAL STANDARD BOOK NUMBER |
| International Standard Book Number |
067521162X |
| 040 ## - CATALOGING SOURCE |
| Transcribing agency |
Nust |
| 082 00 - DEWEY DECIMAL CLASSIFICATION NUMBER |
| Classification number |
621.38154,BUC |
| 100 1# - MAIN ENTRY--PERSONAL NAME |
| Personal name |
Buchla, David. |
| 9 (RLIN) |
104199 |
| 245 10 - TITLE STATEMENT |
| Title |
Applied electronic instrumentation and measurement / |
| Statement of responsibility, etc. |
David Buchla, Wayne McLachlan. |
| 260 ## - PUBLICATION, DISTRIBUTION, ETC. |
| Place of publication, distribution, etc. |
New York : |
| Name of publisher, distributor, etc. |
Merrill ; |
| Place of publication, distribution, etc. |
Toronto : |
| Name of publisher, distributor, etc. |
Collier Macmillan Canada ; |
| Place of publication, distribution, etc. |
New York : |
| Name of publisher, distributor, etc. |
Maxwell Macmillan International Pub. Group, |
| Date of publication, distribution, etc. |
c1992. |
| 300 ## - PHYSICAL DESCRIPTION |
| Extent |
xviii, 830 p : |
| Other physical details |
ill. ; |
| Dimensions |
24 cm. |
| 505 ## - FORMATTED CONTENTS NOTE |
| Formatted contents note |
Measurement Principles (Page-3), Data and Data Analysis (Page-35), Standards and Calibration of Instruments (Page-70), Diode and Transistor Circuits (Page-103), Operational Amplifiers (Page-163), Digital Circuits (Page-219), Meters and Bridges (Page-281), Oscilloscopes (Page-333), Signal Sources (Page-395), Signal-Analysis Instruments (Page-426), Digital Analysis Instruments (Page-463), Noise and Noise Reduction Techniques (Page-493), Transducers (Page-545), Data Acquisition, Recording and Control (Page-596), Automatic Test Equipment (Page-624), Video Test Methods (Page-685), Biomedical Instruments (Page-742). |
| 650 #0 - SUBJECT ADDED ENTRY--TOPICAL TERM |
| Topical term or geographic name entry element |
Telecommunication Engineering. |
| 700 1# - ADDED ENTRY--PERSONAL NAME |
| Personal name |
McLachlan, Wayne. |
| 9 (RLIN) |
104200 |
| 942 ## - ADDED ENTRY ELEMENTS (KOHA) |
| Source of classification or shelving scheme |
|
| Koha item type |
Book |